000 00538nam a22001817a 4500
005 20251108175953.0
008 250721s2021 xx 000 0 ara d
082 1 4 _aط/ق/ناص
100 1 _aناصر، امل
245 1 0 _aحلم كبير /
264 1 _aعمان :
_bدار المايا للنشر والتوزيع،
_c2021.
300 _a27ص.
650 1 7 _aادب الاطفال
650 1 7 _aالقصص القصيرة
653 _aاطفال مرحلة متوسطة (6-9)سنوات
942 _2ddc
_cBK
999 _c146726
_d146726